| 000 | 00964cam a2200253Ia 4500 | ||
|---|---|---|---|
| 001 | 34888 | ||
| 003 | BD-RjUL | ||
| 005 | 20211209052227.0 | ||
| 008 | 140519s1957 enk b 000 0ceng d | ||
| 035 | _a(BD-RjUL)34982 | ||
| 040 |
_aUUM _cUUM _dOCLCQ _dBD-RjUL _beng |
||
| 041 | 0 |
_aeng _aara |
|
| 082 |
_a301.45 _bSES 1957 |
||
| 099 | 1 | _aFrye 4042 | |
| 100 | 1 |
_aSerjeant, R. B. _q(Robert Bertram) _93463 |
|
| 245 | 1 | 4 |
_aThe Saiyids of Hadramawt : _ban inaugural lecture delivered on 5 June 1956 / _cby R.B. Serjeant. |
| 260 |
_aLondon : _bSchool of Oriental and African Studies, University of London, _c1957. |
||
| 300 |
_a29 p. ; _c22 cm. |
||
| 504 | _aIncludes bibliographical references. | ||
| 651 | 0 |
_aHadramawt (Yemen : Province) _vBiography. _9106206 |
|
| 710 | 2 |
_aUniversity of London. _bSchool of Oriental and African Studies. _98873 |
|
| 830 | 0 |
_aInaugural lecture (University of London. School of Oriental and African Studies). _9106208 |
|
| 942 |
_2ddc _cBK |
||
| 999 |
_c34888 _d34888 |
||